00373nam a2200145Ia 4500003000400000008004100004040001600045082001600061100002000077245004100097260004200138300001000180650002100190650001600211GCL140319s9999 xx 000 0 eng d aGCL / cGCL04a920.71bM S1 aMIZENER, ARLHUR10aSCOTT FITZGERALD / cMIZENER, ARLHUR a[S.N] : bTHAMES AND HUDSON ، c1987 a127 P04aSCOTT FITZGERALD04aBIOGRAPHIES